Jääkiekon MM-kisojen osallistujamaat (kaikki divisioonat) - Statistics

Yleistilastot
  • Tätä visaa on pelattu 140 kertaa
  • Keskiarvotulos 46 / 58
Vastaustilastot
Sarjataso Maa % Oikein
Mestaruussarja Suomi
99%
Mestaruussarja Kanada
98%
Mestaruussarja Ruotsi
98%
Mestaruussarja Tanska
97%
Mestaruussarja Italia
95%
1A Ranska
95%
Mestaruussarja Tsekki
94%
Mestaruussarja Yhdysvallat
94%
1A Kazakstan
93%
Mestaruussarja Latvia
93%
1A Liettua
93%
Mestaruussarja Norja
93%
Mestaruussarja Saksa
93%
Mestaruussarja Slovenia
93%
1B Kiina
92%
Mestaruussarja Slovakia
92%
1B Viro
92%
1B Alankomaat
91%
1B Espanja
91%
1A Japani
91%
Mestaruussarja Sveitsi
91%
Mestaruussarja Yhdistynyt kuningaskunta
91%
2A Belgia
90%
Mestaruussarja Itävalta
90%
Mestaruussarja Unkari
90%
1A Puola
87%
1A Ukraina
87%
1B Romania
86%
3A Turkki
86%
1B Etelä-Korea
85%
2B Islanti
83%
2A Australia
81%
2B Bulgaria
81%
2A Kroatia
81%
3A Meksiko
80%
4 Iran
76%
2A Serbia
76%
3B Mongolia
74%
3A Thaimaa
74%
4 Indonesia
72%
2B Uusi-Seelanti
71%
3B Pohjois-Korea
69%
3B Uzbekistan
69%
2B Israel
67%
3A Etelä-Afrikka
66%
3B Luxemburg
65%
3A Turkmenistan
64%
3A Bosnia ja Hertsegovina
62%
2A Georgia
62%
2B Kirgisia
59%
4 Armenia
56%
2B Taiwan
55%
4 Malesia
49%
4 Singapore
49%
2A Yhdistyneet arabiemiraatit
49%
4 Kuwait
47%
3B Filippiinit
44%
3B Hong Kong
19%
Ehtoja vastaavia visoja ei löytynyt
Tulosjakauma
Jokaisen tuloksen saaneiden osuus
Persentiili vastausten määrän mukaan
Tuloshistoriasi
Et ole pelannut tätä visaa